New Trends and Applications in Femtosecond Laser Micromachining (Record no. 24155)

MARC details
000 -LEADER
fixed length control field 01399nam a2200133Ia 4500
008 - FIXED-LENGTH DATA ELEMENTS--GENERAL INFORMATION
fixed length control field 220620s9999||||xx |||||||||||||| ||und||
020 ## - INTERNATIONAL STANDARD BOOK NUMBER
International Standard Book Number 9783040000000
245 #0 - TITLE STATEMENT
Title New Trends and Applications in Femtosecond Laser Micromachining
546 ## - LANGUAGE NOTE
Language note English[eng]
650 ## - SUBJECT ADDED ENTRY--TOPICAL TERM
Topical term or geographic name entry element ultrafast laser microfabrication||microfluidic||glass bonding||ultrashort laser pulses||heat accumulation||transparent materials||quartz||stealth dicing||femtosecond||fused silica||double pulses||selective chemical etching||cell elasticity||endothelial cells||optical micromanipulation||holographic optical tweezers||two-photon polymerization||image processing||micromodels||porous media||3D multi-depth channels||laser machining||femtosecond laser micromachining||femtosecond laser material processing||micro/nanotechnology fabrication||atomic force microscope||laser ablation diameter||separation distance (SW)||sub-micron bridges||YBCO thin film||photonic quantum chip||femtosecond laser direct writing||Hadamard gate||CNOT gate||path-encoded Bell state||femtosecond laser||fs-assisted cataract surgery||laser-assisted ophthalmic surgery||high pulse frequency||low energy||roughness analysis||thermal annealing||integrated optics||glass micromachining||3D structuring||n/a
700 ## - ADDED ENTRY--PERSONAL NAME
Personal name Vázquez, Rebeca Martínez||Bragheri, Francesca||Paiè, Petra
856 ## - ELECTRONIC LOCATION AND ACCESS
Uniform Resource Identifier <a href="https://mdpi.com/books/pdfview/book/5150">https://mdpi.com/books/pdfview/book/5150</a>
942 ## - ADDED ENTRY ELEMENTS (KOHA)
Koha item type E-Books
Holdings
Withdrawn status Lost status Damaged status Not for loan Home library Current library Date acquired Total Checkouts Date last seen Price effective from Koha item type
        Kerala University of Digital Sciences, Innovation and Technology Knowledge Centre Kerala University of Digital Sciences, Innovation and Technology Knowledge Centre 20/06/2022   20/06/2022 20/06/2022 E-Books